000 00404nam a2200169Ia 4500
008 230524s9999 xx 000 0 und d
020 _a817049122x
082 _a621.8
_bBAL
100 _aP.L.Ballaney
245 0 _aTheory of Machines and Mechanisms
250 _a25
260 _aNew Delhi
_bKhanna
_c2011
300 _a1348p;
500 _aQuantity Number: 2
650 _aMechanics
942 _cBK
999 _c52336
_d52336